Statistiques concernant Quiz sur Jules Marie

Cliquez ici pour prendre le quiz!

Statistiques générales

  • Ce quiz a été pris 25 fois
  • Le résultat moyen est 6 sur 10

Statistiques - réponses

QuestionRéponse% Correct
Qui est le sponsor principal de Jules ?Celio
95%
Quel joueur a-t-il battu à l'Open d'Australie 2024 ?Benoit Paire
84%
Comment surnomme t-il sa communauté d'abonnés ?Les breakers
84%
Où est-il né ?Caen
74%
Quel est le joueur le mieux classé qu'il ait battu ?David Goffin
68%
Quelle est sa taille ?1m86
58%
Quelle est la date de naissance de Jules Marie ?1 septembre 1991
58%
Quel est son meilleur classement en double ?656e
42%
Combien de tournois Future a-t-il remporté ?18
37%
En quelle année est-il passé professionnel ?2011
21%

Distribution des résultats

Percentile par nombre de réponses

% des personnes avec chaque résultat

Votre développement - résultats

Vous n’avez pas pris ce quiz